000 00499nam a2200193 a 4500
001 1773825107355
003 YourLibrary
005 20260318144535.0
008 260318s2008##################000#0#eng##
020 _a9781845964221
082 0 4 _a362.19699463RIP
100 1 _aRipley, Andy,
_eauthor.
245 1 0 _aRipley's World :
260 _bMainstream Publishing Company,
_c2008.
300 _a304 pages
650 0 _aProstate.
942 _cENGLISH
040 _aYourLibrary
_beng
_cYourLibrary
999 _c617860
_d617860